[Event "Euro Online U2300 Day 2"]
[Site "chess.com INT"]
[Date "2020.05.26"]
[Round "8"]
[White "Kabanova, Ekaterina"]
[Black "Zvereva, Margarita"]
[Result "0-1"]
[WhiteTitle "WFM"]
[BlackTitle "WFM"]
[WhiteElo "2138"]
[BlackElo "1929"]
[WhiteFideId "24112917"]
[BlackFideId "34177741"]
[EventDate "2020.05.26"]

1. c4 e6 2. Nf3 d5 3. e3 Nf6 4. a3 Be7 5. Qc2 O-O 6. Be2 b6 7. O-O Bb7 8. d3 c5
9. b3 Nc6 10. Nbd2 Qd7 11. h3 Rac8 12. Bb2 d4 13. e4 Qc7 14. Rfe1 Bd6 15. Nf1
Nd7 16. Bc1 f5 17. exf5 exf5 18. Ng5 Rce8 19. Bd2 h6 20. Nf3 Nde5 21. N3h2 Ne7
22. b4 f4 23. bxc5 bxc5 24. Rab1 f3 25. Bxf3 Nxf3+ 26. gxf3 Bxf3 27. Re6 Bc6 28.
Rbe1 Bd7 29. R6e4 Bxh3 30. Rh4 Bd7 31. Qd1 Ng6 32. Rxe8 Rxe8 33. Re4 Rxe4 34.
dxe4 Nf4 35. Qf3 Nh3+ 36. Kh1 Bf4 37. Be1 Qe5 38. Qg2 Qg5 39. Qxg5 Nxg5 40. f3
Be6 41. Nd2 Bxd2 42. Bxd2 Bxc4 43. Kg2 Be6 44. Kg3 Kf8 45. Kf4 Nf7 46. e5 Ke7
47. Ke4 Kd7 48. f4 g6 49. Nf3 Kc6 50. Nh4 Bd5+ 51. Kd3 g5 52. Nf5 Ba2 53. Ne7+
Kd7 54. Ng8 Nxe5+ 55. fxe5 Bxg8 56. Ke4 Ke6 57. Ba5 Bh7+ 58. Kf3 Kxe5 59. Kg4
Bg6 60. Bc7+ Kd5 61. Kf3 c4 62. Ke2 c3 63. Bd8 Kc4 64. Bf6 d3+ 65. Kd1 Bh5+ 66.
Kc1 d2+ 0-1

[Event "Euro Online U2300 Day 2"]
[Site "chess.com INT"]
[Date "2020.05.26"]
[Round "8"]
[White "Pankratov, Oleg"]
[Black "Aliakbarov, Anar"]
[Result "0-1"]
[BlackTitle "FM"]
[WhiteElo "2104"]
[BlackElo "2219"]
[WhiteFideId "24115290"]
[BlackFideId "13401858"]
[EventDate "2020.05.26"]

1. d4 d5 2. c4 e6 3. Nc3 Bb4 4. Qa4+ Nc6 5. e3 Nf6 6. Nf3 O-O 7. Be2 a6 8. Qc2
dxc4 9. Bxc4 Bd6 10. e4 e5 11. d5 Nd4 12. Qd1 Bg4 13. Be2 Nxe2 14. Qxe2 Nd7 15.
h3 Bh5 16. O-O Qe7 17. Bd2 Kh8 18. g4 Bg6 19. Kg2 b6 20. Bg5 f6 21. Bd2 b5 22.
Rac1 Nc5 23. b4 Nd7 24. a3 Nb6 25. Rc2 Nc4 26. Bc1 Be8 27. Nh4 g6 28. Nf3 Bd7
29. Nd2 Nb6 30. f3 f5 31. Bb2 c6 32. Re1 fxg4 33. hxg4 Rac8 34. dxc6 Bxc6 35.
Rec1 Bb7 36. Nd1 Kg8 37. Ne3 Qf7 38. Rxc8 Rxc8 39. Rxc8+ Bxc8 40. Qd3 Bc7 41.
Nd5 Nxd5 42. exd5 Bd6 43. Ne4 Qe7 44. Nc5 Bxc5 45. bxc5 Qxc5 46. Bxe5 Qc4 47.
Qd2 Bb7 48. Ba1 Bxd5 49. Qg5 Qe2+ 50. Kg1 Qe1+ 51. Kh2 Qf2+ 52. Kh3 Qxf3+ 53.
Kh4 Qf2+ 54. Kh3 Bg2+ 55. Kh2 Bf1+ 0-1

[Event "Euro Online U2300 Day 2"]
[Site "chess.com INT"]
[Date "2020.05.26"]
[Round "8"]
[White "Brilej, Jaka"]
[Black "Budrewicz, Krzysztof"]
[Result "0-1"]
[WhiteTitle "CM"]
[WhiteElo "2228"]
[BlackElo "2227"]
[WhiteFideId "14618818"]
[BlackFideId "1127950"]
[EventDate "2020.05.26"]

1. e4 c5 2. Nf3 e6 3. Nc3 Nc6 4. d4 cxd4 5. Nxd4 a6 6. Be3 Nf6 7. f3 Bb4 8. Qd2
d5 9. a3 Qa5 10. Nxc6 bxc6 11. Bd3 O-O 12. O-O Bc5 13. b4 Bxe3+ 14. Qxe3 Qc7 15.
Na4 e5 16. Nc5 d4 17. Qd2 Nd7 18. Nxd7 Bxd7 19. f4 a5 20. Bc4 axb4 21. axb4 Rxa1
22. Rxa1 Be6 23. Bxe6 fxe6 24. fxe5 Qxe5 25. Qd3 h6 26. Rf1 Rb8 27. Qf3 Kh7 28.
Rb1 c5 29. b5 c4 30. b6 Qc5 31. b7 d3+ 32. Qf2 Qxf2+ 33. Kxf2 dxc2 34. Rc1 Rxb7
35. Rxc2 Rb4 36. Ke3 e5 37. Kd2 Ra4 38. Kc3 Kg6 39. Rf2 h5 40. g3 Ra1 41. Kxc4
Rd1 42. Kc3 Rd4 43. Re2 Kg5 44. h3 g6 45. Re3 h4 46. Kc2 Ra4 47. Kb3 Ra1 48. Kc4
Rg1 49. gxh4+ Kf4 50. Re2 Kf3 51. Ra2 Kxe4 52. Re2+ Kf4 53. Kd5 Rd1+ 54. Ke6 e4
55. Kf6 Rd6+ 56. Kg7 e3 57. Ra2 Kg3 58. Ra3 Kf2 59. Kh6 e2 60. Ra2 Kf1 61. Ra1+
Rd1 0-1

[Event "Euro Online U2300 Day 2"]
[Site "chess.com INT"]
[Date "2020.05.26"]
[Round "8"]
[White "Antova, Gabriela"]
[Black "Skalsky, Alexandr"]
[Result "1-0"]
[WhiteTitle "FM"]
[WhiteElo "2255"]
[BlackElo "2251"]
[WhiteFideId "2915235"]
[BlackFideId "381799"]
[EventDate "2020.05.26"]

1. d4 Nf6 2. c4 g6 3. Nc3 d5 4. cxd5 Nxd5 5. Bd2 Nb6 6. e3 Bg7 7. f4 c5 8. dxc5
N6d7 9. Ne4 Bxb2 10. Rb1 Bg7 11. Nf3 Nf6 12. Neg5 O-O 13. Bc4 Bf5 14. Rxb7 e6
15. Ne5 Nfd7 16. Nexf7 Rxf7 17. Nxe6 Bxe6 18. Bxe6 Qe7 19. Qb3 Kf8 20. Bxf7 Na6
21. Qa3 Naxc5 22. Rxd7 Qxd7 23. Qxc5+ Kxf7 24. Qc4+ Qe6 25. Qxe6+ Kxe6 26. Ke2
Kd5 27. Rb1 Bf6 28. Rb7 h5 29. Kd3 Re8 30. Rxa7 Rb8 31. Ra6 Rf8 32. Bb4 Rf7 33.
e4# 1-0

[Event "Euro Online U2300 Day 2"]
[Site "chess.com INT"]
[Date "2020.05.26"]
[Round "8"]
[White "Mladek, Richard"]
[Black "Terbe, Julianna"]
[Result "0-1"]
[WhiteTitle "FM"]
[BlackTitle "WIM"]
[WhiteElo "2280"]
[BlackElo "2273"]
[WhiteFideId "386588"]
[BlackFideId "708780"]
[EventDate "2020.05.26"]

1. e4 e5 2. f4 d5 3. exd5 exf4 4. Nf3 Nf6 5. Bc4 Nxd5 6. O-O Be6 7. Bb3 Be7 8.
d4 O-O 9. c4 Ne3 10. Bxe3 fxe3 11. Qe2 Bf6 12. Qxe3 Re8 13. Qf2 Bg4 14. Ne5 Bh5
15. Nc3 Nd7 16. Nxd7 Qxd7 17. Nd5 Bg5 18. Qf5 Qd8 19. h4 c6 20. Qxg5 Qxg5 21.
hxg5 cxd5 22. cxd5 Rad8 23. Rac1 Re7 24. d6 Red7 25. Rc7 a6 26. Re1 Kf8 27. Re7
Rxd6 28. Bxf7 Bg4 29. g6 hxg6 30. Rxb7 Bd7 31. Rexd7 R6xd7 32. Rxd7 Rxd7 33.
Bxg6 Rxd4 34. b3 Rd2 35. a3 Ra2 36. a4 Rb2 37. Bd3 a5 38. Bc4 Ke7 39. Kh2 Kf6
40. Kg3 Ke5 41. Kf3 g5 42. g3 Rc2 43. Kg4 Kf6 44. Bd5 Rc3 45. Bc4 Re3 46. Bd5
Rd3 47. Bc4 Rd4+ 48. Kf3 g4+ 49. Ke3 Ke5 50. Be2 Re4+ 51. Kd3 Rb4 52. Kc3 Kf5
53. Bd3+ Ke5 54. Bc4 Ke4 55. Be2 Ke3 56. Bc4 Kf2 0-1

[Event "Euro Online U2300 Day 2"]
[Site "chess.com INT"]
[Date "2020.05.26"]
[Round "8"]
[White "Budisavljevic, Luka"]
[Black "Guliev, Logman"]
[Result "1/2-1/2"]
[WhiteTitle "FM"]
[BlackTitle "IM"]
[WhiteElo "2444"]
[BlackElo "2273"]
[WhiteFideId "960047"]
[BlackFideId "13400061"]
[EventDate "2020.05.26"]

1. d4 Nf6 2. Nf3 e6 3. Bf4 d5 4. e3 Bd6 5. Bg3 Ne4 6. Nbd2 Nxg3 7. hxg3 Nd7 8.
Bd3 h6 9. e4 dxe4 10. Nxe4 Nf6 11. Qe2 Nxe4 12. Qxe4 c6 13. g4 Bd7 14. g5 Qa5+
15. c3 Qd5 16. Qe3 O-O-O 17. gxh6 gxh6 18. Be4 Qb5 19. O-O-O h5 20. Kb1 Rdg8 21.
g3 Kb8 22. Rh4 Ka8 23. Rdh1 Be7 24. R4h2 Be8 25. Ne5 f6 26. Nd3 Qg5 27. Qe2 Bd6
28. Ka1 Qb5 29. Bf3 Bg6 30. Nc1 Qf5 31. Nb3 h4 32. Bg4 Qe4 33. Bf3 Qf5 34. Bg4
Qd5 35. Bf3 Qf5 1/2-1/2

[Event "Euro Online U2300 Day 2"]
[Site "chess.com INT"]
[Date "2020.05.26"]
[Round "8"]
[White "Papakonstantinou, Dimitrios1"]
[Black "Ranaldi, Lucas"]
[Result "1-0"]
[BlackTitle "FM"]
[WhiteElo "2250"]
[BlackElo "2353"]
[WhiteFideId "4218655"]
[BlackFideId "1519484"]
[EventDate "2020.05.26"]

1. e4 e5 2. Nf3 Nc6 3. Bb5 a6 4. Ba4 Nf6 5. O-O Be7 6. Re1 b5 7. Bb3 d6 8. c3
O-O 9. d4 Bg4 10. Be3 Bh5 11. h3 exd4 12. cxd4 d5 13. e5 Ne4 14. Nc3 Nxc3 15.
bxc3 Na5 16. Bc2 Nc4 17. g4 Bg6 18. Bf5 c6 19. Qd3 Kh8 20. Kh2 a5 21. Bf4 b4 22.
Rg1 bxc3 23. Qxc3 Rb8 24. Rab1 Rb4 25. Qd3 Qb6 26. Rxb4 axb4 27. h4 Ra8 28. h5
Ra3 29. Qe2 Bxf5 30. gxf5 Rxf3 31. Qxf3 Qxd4 32. Qg3 Bf8 33. e6 fxe6 34. fxe6
Kg8 35. h6 g6 36. Re1 Qxf4 37. Qxf4 Bd6 38. Kg3 Bxf4+ 39. Kxf4 Kf8 40. e7+ Ke8
41. Kg5 Nd6 42. Kf6 Nf5 43. Rc1 Kd7 44. Rxc6 Nxe7 45. Rb6 Nf5 46. Rb7+ Kc6 47.
Rxh7 d4 48. Rh8 d3 49. Rc8+ Kd7 50. h7 d2 51. h8=Q d1=Q 52. Qd8# 1-0

[Event "Euro Online U2300 Day 2"]
[Site "chess.com INT"]
[Date "2020.05.26"]
[Round "8"]
[White "Yelisieiev, Yevhenii"]
[Black "Ivic, Velimir"]
[Result "0-1"]
[WhiteTitle "IM"]
[BlackTitle "GM"]
[WhiteElo "2407"]
[BlackElo "2548"]
[WhiteFideId "14139642"]
[BlackFideId "950122"]
[EventDate "2020.05.26"]

1. d4 Nf6 2. Nf3 g6 3. g3 Bg7 4. Bg2 O-O 5. O-O d6 6. b3 b5 7. Ne5 dxe5 8. Bxa8
e4 9. c4 bxc4 10. bxc4 Bh3 11. Re1 c6 12. Bb2 Nfd7 13. Qa4 Qc7 14. c5 Nxc5 15.
Qc2 Ne6 16. e3 Rc8 17. Rc1 Qa5 18. Nd2 Na6 19. Bb7 Nb4 20. Qxe4 Rc7 21. Bxc6
Rxc6 22. Rxc6 Nxc6 23. Nb3 Qb5 24. Rc1 Nb4 25. Ba3 Nxa2 26. Qa8+ Nf8 27. Rb1 Qd3
28. Ra1 Qxb3 29. Bxe7 Nc3 30. Bxf8 Bxf8 31. Qxa7 Qd5 32. Qa8 Ne2# 0-1

[Event "Euro Online U2300 Day 2"]
[Site "chess.com INT"]
[Date "2020.05.26"]
[Round "8"]
[White "Melnikov, Sergey"]
[Black "Chaqryan, Erik"]
[Result "1/2-1/2"]
[WhiteElo "2039"]
[BlackElo "2231"]
[WhiteFideId "34141062"]
[BlackFideId "13312340"]
[EventDate "2020.05.26"]

1. d4 Nf6 2. c4 g6 3. Nc3 Bg7 4. e4 d6 5. f3 O-O 6. Be3 c5 7. Nge2 Nc6 8. Qd2
Nd7 9. d5 Nce5 10. Ng3 Nb6 11. b3 e6 12. Rc1 exd5 13. Nxd5 Nxd5 14. Qxd5 Nc6 15.
Be2 Be6 16. Qd2 Nd4 17. O-O a6 18. Rfd1 b5 19. Bf1 bxc4 20. Bxc4 Bxc4 21. Rxc4
Ra7 22. Ne2 Ne6 23. Qxd6 Bd4 24. Rdxd4 cxd4 25. Qxd8 Rxd8 26. Nxd4 Rc7 27. Ra4
Nxd4 28. Bxd4 Rc2 29. h4 h6 30. Kh2 f5 31. exf5 gxf5 32. Kg3 Kf7 33. Kf4 Rxg2
34. Be5 Rg6 35. Rc4 Rd7 36. Kxf5 h5 37. f4 Rg2 38. Rc6 Rxa2 39. Rh6 Re7 40. Rxh5
Ke8 41. Rh8+ Kd7 42. Rb8 Rg2 43. Rb7+ Ke8 44. Rb8+ Kf7 45. Rb6 Rh2 46. Rxa6 Rxh4
47. b4 Rh5+ 48. Ke4 Rh1 49. b5 Rb1 50. Rf6+ Ke8 51. b6 Kd7 52. Rd6+ Ke8 53. Rg6
Kd7 54. Rd6+ Ke8 55. Rh6 Kd7 56. Rd6+ 1/2-1/2

[Event "Euro Online U2300 Day 2"]
[Site "chess.com INT"]
[Date "2020.05.26"]
[Round "8"]
[White "Tymrakiewicz, Rafal"]
[Black "Haring, Viktor"]
[Result "0-1"]
[WhiteTitle "FM"]
[BlackTitle "FM"]
[WhiteElo "2253"]
[BlackElo "2298"]
[WhiteFideId "1108832"]
[BlackFideId "14919400"]
[EventDate "2020.05.26"]

1. d4 Nf6 2. Bf4 e6 3. e3 c5 4. Nd2 Nc6 5. Ngf3 b6 6. Bd3 Bb7 7. O-O Be7 8. c3
O-O 9. h3 d6 10. Qe2 Re8 11. Rfd1 Bf8 12. a3 Qc7 13. Bh2 g6 14. Nc4 e5 15. dxe5
dxe5 16. e4 b5 17. Ne3 c4 18. Bc2 Na5 19. Ng4 Nxg4 20. hxg4 Nb3 21. Bxb3 cxb3
22. Qxb5 Bxe4 23. Bxe5 Qc8 24. Nd4 a6 25. Qa5 Qxg4 26. f3 Qg5 27. Bc7 Qe3+ 28.
Kh1 Bc2 29. Re1 Qh6+ 30. Kg1 Qh4 31. Be5 f6 32. g3 Rxe5 33. Qxe5 fxe5 34. gxh4
exd4 35. cxd4 Bg7 36. Rad1 Bxd1 37. Rxd1 a5 38. Kf2 a4 39. Ke3 Kf7 0-1

[Event "Euro Online U2300 Day 2"]
[Site "chess.com INT"]
[Date "2020.05.26"]
[Round "8"]
[White "Randazzo, Adrian"]
[Black "Ponce Cano, Adrian"]
[Result "1-0"]
[WhiteTitle "FM"]
[BlackTitle "FM"]
[WhiteElo "2293"]
[BlackElo "2169"]
[WhiteFideId "114251"]
[BlackFideId "22296913"]
[EventDate "2020.05.26"]

1. e4 c5 2. Nf3 e6 3. d3 d5 4. Qe2 d4 5. g3 Nc6 6. Bg2 e5 7. O-O Bd6 8. c3 Nf6
9. cxd4 cxd4 10. Nbd2 Be6 11. Ng5 Bg4 12. f3 Bd7 13. Nc4 Bc7 14. f4 O-O 15. b4
b5 16. Nxe5 Nxe5 17. fxe5 Bxe5 18. Nf3 Bg4 19. Qf2 Nd7 20. a4 a6 21. Bg5 f6 22.
Qa2+ Kh8 23. Bd2 Rb8 24. axb5 axb5 25. Qd5 Qe7 26. Ra7 Qe6 27. Bf4 Qxd5 28. exd5
Ra8 29. Rfa1 Rxa7 30. Rxa7 Kg8 31. Bxe5 fxe5 32. d6 Bxf3 33. Rxd7 Bxg2 34. Kxg2
e4 35. dxe4 d3 36. Ra7 Rd8 37. e5 d2 38. Ra1 Kf7 39. Kf3 Ke6 40. Ke4 Rf8 41. Rd1
Rf5 42. Rxd2 Rxe5+ 43. Kf4 Rf5+ 44. Kg4 Rf7 45. h4 Rd7 46. Kf4 Rxd6 47. Rxd6+
Kxd6 48. Ke4 h5 49. Kf5 Kd5 50. Kg6 Kc4 51. Kxh5 Kxb4 52. Kg6 Kc3 53. Kxg7 b4
54. h5 b3 55. h6 b2 56. h7 b1=Q 57. h8=Q Qe4 58. Qh4 Kd3 59. Qg5 Qd4+ 60. Kg6
Qd6+ 61. Kh5 Ke2 62. g4 Kf3 63. Qf5+ Kg3 64. g5 1-0

[Event "Euro Online U2300 Day 2"]
[Site "chess.com INT"]
[Date "2020.05.26"]
[Round "8"]
[White "Marjanovic, Annamaria"]
[Black "Babiy, Olga"]
[Result "1-0"]
[WhiteTitle "WGM"]
[BlackTitle "WGM"]
[WhiteElo "2338"]
[BlackElo "2228"]
[WhiteFideId "750930"]
[BlackFideId "14117258"]
[EventDate "2020.05.26"]

1. c4 e5 2. g3 d6 3. Nc3 f5 4. d4 Be7 5. Bh3 Nf6 6. Nf3 e4 7. Nh4 g6 8. Bh6 c6
9. Qd2 d5 10. Bg7 Rg8 11. Qh6 Kf7 12. Bxf6 Bxf6 13. Qd2 Bxh4 14. gxh4 Qxh4 15.
Bf1 dxc4 16. e3 Be6 17. d5 cxd5 18. Nb5 Nc6 19. Nd6+ Ke7 20. Nxb7 Rab8 21. Nc5
Ne5 22. Be2 Rgc8 23. Qa5 Nc6 24. Qa3 Rb4 25. Na6 d4 26. Nxb4 d3 27. Nxd3+ Kf7
28. Nf4 Ne5 29. Qxa7+ Kf6 30. Nxe6 Kxe6 31. Qa6+ Rc6 32. Qb5 c3 33. bxc3 Rxc3
34. Qa6+ Rc6 35. Qb5 Rd6 36. Qb3+ Kf6 37. Rd1 Rc6 38. Qb4 Kg7 39. Qd4 Qf6 40. a4
Kh6 41. a5 Rc2 42. Qd6 Qg7 43. Kf1 Rc6 44. Qd8 Qf7 45. h4 1-0

[Event "Euro Online U2300 Day 2"]
[Site "chess.com INT"]
[Date "2020.05.26"]
[Round "8"]
[White "Willow, Jonah B"]
[Black "Patrelakis, Evaggelos"]
[Result "0-1"]
[WhiteTitle "FM"]
[WhiteElo "2386"]
[BlackElo "2259"]
[WhiteFideId "438804"]
[BlackFideId "4295102"]
[EventDate "2020.05.26"]

1. e4 c5 2. Nf3 d6 3. d4 cxd4 4. Qxd4 Nc6 5. Bb5 Bd7 6. Bxc6 Bxc6 7. Nc3 h6 8.
Qd3 Nf6 9. Nd4 e6 10. f4 a6 11. Be3 Qc7 12. O-O-O Be7 13. h3 b5 14. a3 Bb7 15.
g4 Nd7 16. Nb3 Rc8 17. Rhe1 Nb6 18. Na5 Ba8 19. e5 Nd5 20. exd6 Bxd6 21. Nxd5
Bxd5 22. Nb3 O-O 23. f5 Qxc2+ 24. Qxc2 Bxb3 25. Rxd6 Rxc2+ 26. Kb1 Rh2 27. f6
gxf6 28. Bxh6 Rc8 29. Bc1 a5 30. Re3 Rh1 31. Rc3 Rxc3 32. bxc3 Rxh3 33. Kb2 a4
34. g5 Rh2+ 35. Kb1 Kg7 36. Be3 fxg5 37. Bxg5 Kg6 38. Be3 Kf5 39. Rd7 f6 40. Rd6
e5 41. Bb6 Rh1+ 42. Kb2 Rd1 43. Rc6 Kg5 44. Be3+ Kg6 45. Bc5 Rd2+ 46. Kb1 Rd7
47. Rb6 Bc4 48. Bf2 Rf7 49. Kc2 Kg5 50. Be3+ Kg4 51. Rb8 Kf3 52. Bc5 f5 53. Re8
e4 54. Bd4 f4 55. Rh8 e3 56. Rh3+ Ke4 57. Rh4 Kf3 58. Rh3+ Kg2 59. Rh5 e2 60.
Kd2 Re7 61. Ke1 Kf3 62. Rh3+ Ke4 63. Rh5 Kd3 64. Rh3+ Kc2 65. Bc5 Rd7 66. Bd4
Kb3 67. Rf3 Kxa3 68. Rxf4 Kb2 0-1

[Event "Euro Online U2300 Day 2"]
[Site "chess.com INT"]
[Date "2020.05.26"]
[Round "8"]
[White "Golubenko, Valentina"]
[Black "Miletic, Vuk"]
[Result "0-1"]
[WhiteTitle "WGM"]
[WhiteElo "2209"]
[BlackElo "2159"]
[WhiteFideId "4501993"]
[BlackFideId "16503406"]
[EventDate "2020.05.26"]

1. d4 Nf6 2. c4 e6 3. Nc3 Bb4 4. Qc2 O-O 5. Nf3 d6 6. e4 Nc6 7. d5 Nb8 8. Be2 e5
9. O-O Bxc3 10. bxc3 Bg4 11. Ne1 Bxe2 12. Qxe2 Nbd7 13. Nd3 Re8 14. Be3 Nxe4 15.
Bxa7 Nxc3 16. Qc2 Nxd5 17. cxd5 Rxa7 18. Rfc1 e4 19. Nf4 Nc5 20. Qc3 Qg5 21. g3
Rea8 22. Rc2 Ra3 23. Qd4 Rf3 24. Rxc5 dxc5 25. Qxe4 Rxf4 26. Qxf4 Qxf4 27. gxf4
Kf8 28. Kg2 Ke7 29. Kf3 Kd6 30. Rg1 Ra3+ 31. Ke4 g6 32. f5 Rxa2 33. fxg6 hxg6
34. Rg2 Ra4+ 35. Kd3 Kxd5 36. Rg5+ Kd6 37. Ke3 Rh4 38. Rg2 b5 39. f4 c4 0-1

[Event "Euro Online U2300 Day 2"]
[Site "chess.com INT"]
[Date "2020.05.26"]
[Round "8"]
[White "Vanek, Tomas"]
[Black "Ivanisvili, Andrejs"]
[Result "0-1"]
[WhiteTitle "FM"]
[WhiteElo "2080"]
[BlackElo "2233"]
[WhiteFideId "313459"]
[BlackFideId "11601485"]
[EventDate "2020.05.26"]

1. e4 c6 2. Nc3 d5 3. Nf3 e6 4. g3 dxe4 5. Nxe4 Nf6 6. Qe2 Nxe4 7. Qxe4 Nd7 8.
Bg2 Nf6 9. Qe2 Bc5 10. O-O O-O 11. d4 Bb6 12. c3 c5 13. Be3 cxd4 14. Bxd4 Bxd4
15. Nxd4 Qb6 16. Rfd1 Bd7 17. a4 a6 18. Rd2 Rfd8 19. a5 Qc7 20. Rad1 Rab8 21.
Nb3 Rdc8 22. Rd4 Bb5 23. Qe3 Bc4 24. Nd2 Bd5 25. Bxd5 Nxd5 26. Qg5 h6 27. Qh5
Nf6 28. Qf3 Qxa5 29. Nc4 Qc7 30. Nd6 Rd8 31. g4 Qe7 32. Qe3 Ne8 33. Nf5 Qf6 34.
Ng3 Rxd4 35. Rxd4 Rd8 36. Ne4 Qe7 37. g5 Rxd4 38. cxd4 hxg5 39. Nxg5 Nf6 40. Qe5
Qd8 41. h4 Nh7 42. Nf3 b5 43. h5 Qd5 44. Qb8+ Nf8 45. Qe8 Qxf3 46. h6 gxh6 47.
Qe7 Qg4+ 48. Kf1 Qxd4 49. Qa7 Qxa7 0-1

[Event "Euro Online U2300 Day 2"]
[Site "chess.com INT"]
[Date "2020.05.26"]
[Round "8"]
[White "Labiano Hernandez, Juan"]
[Black "Strybuk, Artsiom I"]
[Result "0-1"]
[BlackTitle "FM"]
[WhiteElo "2158"]
[BlackElo "2215"]
[WhiteFideId "24556840"]
[BlackFideId "13515659"]
[EventDate "2020.05.26"]

1. e4 e5 2. Nf3 Nc6 3. Bc4 Bc5 4. c3 Nf6 5. d4 exd4 6. cxd4 Bb4+ 7. Kf1 d5 8.
exd5 Nxd5 9. Bd2 O-O 10. Nc3 Nxc3 11. bxc3 Bd6 12. Bd3 Bg4 13. h4 h6 14. Rb1 Rb8
15. Be3 Qf6 16. Be4 Rfe8 17. Qd3 Rxe4 18. Qxe4 Bf5 19. Qxc6 Bxb1 20. Qd5 Qg6 21.
Nd2 Qd3+ 22. Kg1 Qxc3 23. Qc4 Qxc4 24. Nxc4 Bxa2 25. Nxd6 cxd6 26. Kh2 Bd5 27.
Ra1 a6 28. Rb1 b5 29. Ra1 Rb6 30. Bd2 b4 31. Rb1 b3 32. Bc3 Rb5 33. Bb2 Ra5 34.
Ra1 Rxa1 35. Bxa1 Kf8 36. f3 Ke7 37. Kg3 Ke6 38. Kf4 Bc6 39. Ke3 Kd5 40. Kd3 a5
41. Kc3 a4 42. Bb2 f6 43. Bc1 h5 44. Bf4 Bb5 45. Bh2 Bf1 46. g4 Be2 47. gxh5
Bxf3 48. h6 gxh6 49. Bf4 h5 50. Bg3 Bd1 51. Bh2 a3 52. Bg3 b2 0-1

[Event "Euro Online U2300 Day 2"]
[Site "chess.com INT"]
[Date "2020.05.26"]
[Round "8"]
[White "Ohanyan, Emin"]
[Black "Kalogeris, Ioannis"]
[Result "1-0"]
[WhiteTitle "FM"]
[BlackTitle "FM"]
[WhiteElo "2291"]
[BlackElo "2312"]
[WhiteFideId "13312022"]
[BlackFideId "4239563"]
[EventDate "2020.05.26"]

1. e4 e5 2. Nf3 Nc6 3. Bc4 Bc5 4. O-O Nf6 5. d3 O-O 6. c3 d5 7. exd5 Nxd5 8. Re1
Bb6 9. Nxe5 Nxe5 10. Rxe5 c6 11. Nd2 Bc7 12. Re1 Qh4 13. Nf3 Qh5 14. d4 Bg4 15.
h3 Bxf3 16. Qxf3 Qxf3 17. gxf3 Rae8 18. Bd2 Nf6 19. Bg5 h6 20. Bh4 Bf4 21. Bxf6
gxf6 22. Re4 Rxe4 23. fxe4 Re8 24. Kg2 Bc7 25. Kf3 Kf8 26. Re1 Ke7 27. Rg1 Kf8
28. Bd3 Rd8 29. Kg4 Ke7 30. Kf5 c5 31. d5 Rh8 32. f4 h5 33. e5 fxe5 34. fxe5 Kf8
35. d6 Bd8 36. Bc4 h4 37. e6 Rh5+ 38. Kf4 fxe6 39. Bxe6 Rh8 40. Ke5 Rh5+ 41. Ke4
Rh8 42. Rf1+ Ke8 43. Rf7 Bb6 44. Rxb7 Rh6 45. Rb8+ Bd8 46. Kd5 Rg6 47. Bg4 Rf6
48. Rb7 Rf2 49. Rh7 Rd2+ 50. Ke6 Rf2 51. Rh8+ Rf8 52. d7# 1-0

[Event "Euro Online U2300 Day 2"]
[Site "chess.com INT"]
[Date "2020.05.26"]
[Round "8"]
[White "Vardanyan, Aras"]
[Black "Kharatyan, Roman"]
[Result "0-1"]
[WhiteElo "2178"]
[BlackElo "1984"]
[WhiteFideId "12808792"]
[BlackFideId "13305220"]
[EventDate "2020.05.26"]

1. d4 d5 2. c4 e6 3. Nc3 f5 4. f3 c6 5. e4 Nf6 6. e5 Ng8 7. cxd5 cxd5 8. Bd3 Nc6
9. Nge2 Nh6 10. Bxh6 gxh6 11. a3 Rg8 12. g3 Be7 13. Qd2 Bg5 14. f4 Be7 15. O-O-O
Kf7 16. h3 h5 17. Rhg1 Qb6 18. Qe3 Bd7 19. g4 hxg4 20. hxg4 fxg4 21. Qf2 Raf8
22. f5 exf5 23. Nxd5 Qb3 24. Bxf5 Ke8 25. Nxe7 Nxe7 26. Bxd7+ Kxd7 27. Qe1 Nd5
28. e6+ Ke7 29. Qh4+ Kd6 30. Qxh7 Nf6 31. Qh2+ Kxe6 32. Qe5+ Kd7 33. d5 Qb6 34.
d6 Kc8 35. Rg3 Nd7 36. Qe7 Re8 37. Rc3+ Kb8 38. Qxd7 Rxe2 39. b3 a5 40. Qf7 Ree8
41. d7 Rd8 42. Qf4+ Ka7 43. Rd6 Qg1+ 44. Kb2 Rgf8 45. Qc1 Rf2+ 46. Rc2 Rxc2+ 47.
Qxc2 g3 48. a4 g2 49. Qc8 Qf2+ 50. Ka3 Rxc8 51. dxc8=Q g1=Q 52. Ra6+ Kxa6 53.
Qa8+ Qa7 0-1

[Event "Euro Online U2300 Day 2"]
[Site "chess.com INT"]
[Date "2020.05.26"]
[Round "8"]
[White "Kormos, Adam"]
[Black "Yeke, Serkan"]
[Result "1/2-1/2"]
[BlackTitle "FM"]
[WhiteElo "2279"]
[BlackElo "2099"]
[WhiteFideId "730483"]
[BlackFideId "6301142"]
[EventDate "2020.05.26"]

1. e4 c5 2. Nf3 Nc6 3. Nc3 e5 4. Bc4 Be7 5. d3 d6 6. Nd2 Nf6 7. Nf1 O-O 8. Ne3
Be6 9. Ncd5 Bxd5 10. exd5 Na5 11. Nf5 Nxc4 12. dxc4 Ne8 13. h4 Bf6 14. c3 Rb8
15. g4 g6 16. Nh6+ Kh8 17. g5 Bg7 18. h5 Bxh6 19. hxg6 fxg6 20. Rxh6 Ng7 21. Qg4
Nh5 22. Be3 b5 23. O-O-O bxc4 24. Qxc4 Qd7 25. b3 Qf5 26. Qa6 Qd7 27. Rh1 Kg7
28. R1xh5 gxh5 29. Rxd6 Qb7 30. Qd3 c4 31. Qxc4 Rbc8 32. Qd3 Rfd8 33. Rxd8 Rxd8
34. c4 a5 35. Qc3 Qe7 36. f4 Rf8 37. Kb2 Kg6 38. fxe5 Rf5 39. e6 h4 40. Qd4 Qd6
41. Qxh4 Qe5+ 42. Bd4 Qe2+ 43. Ka3 Rxg5 44. Qf4 Qe1 45. Qf6+ Kh5 46. Qf7+ Kg4
47. e7 Qb4+ 48. Kb2 Qd2+ 49. Ka3 Qb4+ 50. Kb2 Qd2+ 51. Kb1 Qd1+ 52. Kb2 Qd2+ 1/2-1/2

[Event "Euro Online U2300 Day 2"]
[Site "chess.com INT"]
[Date "2020.05.26"]
[Round "8"]
[White "Maximov, Oleg"]
[Black "Taspinar, Yanki"]
[Result "0-1"]
[BlackTitle "CM"]
[WhiteElo "2219"]
[BlackElo "2178"]
[WhiteFideId "4176960"]
[BlackFideId "34561188"]
[EventDate "2020.05.26"]

1. e4 e5 2. Nc3 Nf6 3. g3 d5 4. exd5 Nxd5 5. Bg2 Nxc3 6. bxc3 Nc6 7. Nf3 Bc5 8.
O-O O-O 9. d3 Bg4 10. Qe1 Qf6 11. Ng5 Bb6 12. Ne4 Qe7 13. h3 Be6 14. a4 Rfe8 15.
Ba3 Qd7 16. Nc5 Bxc5 17. Bxc5 Bd5 18. Be3 Bxg2 19. Kxg2 Qd5+ 20. Kh2 Rad8 21.
Qb1 b6 22. Qb5 Qe6 23. Kg2 f5 24. f3 Kh8 25. Bf2 e4 26. fxe4 fxe4 27. Rae1 Qg6
28. d4 e3 29. Bxe3 Qxc2+ 30. Bf2 Rxe1 31. Rxe1 Rf8 32. Qe2 Qxc3 33. d5 Nb4 34.
Rd1 h6 35. Bd4 Qb3 36. Bxg7+ Kxg7 37. Qe7+ Rf7 38. Qe5+ Kf8 39. Qh8+ Ke7 40.
Re1+ Kd6 41. Qe5+ Kc5 42. Rc1+ Nc2 43. d6+ Qd5+ 44. Qxd5+ Kxd5 45. Rxc2 Kxd6 46.
Rc4 c5 47. Rg4 Rf6 48. Rg7 a6 49. Ra7 a5 50. Ra8 c4 51. Rc8 Kd5 52. Rd8+ Kc5 53.
Rd2 Kb4 54. g4 Kxa4 0-1